Statistiques concernant Lieux par lettre - G

Cliquez ici pour prendre le quiz!

Statistiques générales

  • Ce quiz a été pris 766 fois
  • Le résultat moyen est 12 sur 20

Statistiques - réponses

IndiceLieu% Correct
Ville de BatmanGotham City
88%
Deuxième plus grande île du monde, après l'AustralieGroenland
81%
Ville suisse possédant un jet d'eau emblématique de 140m de hautGenève
80%
Pays ayant le quetzal pour monnaieGuatemala
77%
Désert compris entre la Chine et la MongolieDésert de Gobi
76%
Département de Nouvelle-AquitaineGironde
74%
Pays d'Afrique traversé par l'équateur terrestreGabon
72%
Plus grande ville d'ÉcosseGlasgow
70%
Aussi appelée "République hellénique"Grèce
70%
Territoire britannique sur la péninsule IbériqueGibraltar
68%
Ville abritant, entre autres, la Pyramide de KhéopsGizeh
67%
Prison américaine située à CubaGuantanamo
66%
Ce quartier londonien a une longitude de 0°Greenwich
65%
Ancienne province Française, connue pour sa "bête", qui deviendra
la Lozère
Gévaudan
57%
Immense gorge creusée par le fleuve Colorado{Grand} {Canyon}
56%
Banque des sorciers située sur le Chemin de TraverseGringotts
42%
Ville biblique détruite en raison des mauvaises mœurs
de ses habitants
Gomorrhe
37%
Royaume de la Terre du Milieu, gouverné par AragornGondor
31%
Présipauté culte dont le sigle est GRDGroland
27%
Océan où se déroule la majeure partie de l'histoire de One Piece{Grand} {Line}
23%

Distribution des résultats

Percentile par nombre de réponses

% des personnes avec chaque résultat

Votre développement - résultats

Vous n’avez pas pris ce quiz